00687nam a2200193 i 4500001000400000100003700004245008300041260005400124300002600178600004400204651003600248655001900284655002000303020001500323040000800338041000800346008004100354856009800395bgj1 aSCHROBSDORFF, Angelikad(1928- )10aGrandhotel Bulgaria :bHeimkehr in die Vergangenheit /cAngelika Schrobsdorff. aMùˆnchen :bDeitschen Taschenbuch Verlag,c1998. a277, [1] S. ;c21 cm.19aSchrobsdorff Angelika, 1928-y1996-1997 9aBulgarienyGeschichte 1996-1997 aAutobiographie aErlebnisbericht a3423241152 cBPK0 ager s gw f |000 0 ger  uhttp://koha.tu.koszalin.pl/cgi-bin/koha/opac-detail.pl?biblionumber=50917yKatalog online BPK